| 000 | 00741cab a2200229 4500 | ||
|---|---|---|---|
| 001 | ABS59415 | ||
| 008 | 090401t1998 xxu||||| |||| 00| 0 eng d | ||
| 035 | _a(Sirsi) u89155 | ||
| 041 | _aeng | ||
| 100 | _aCook, M. | ||
| 245 | _aTarget energy costs in shopping centres | ||
| 260 | _c1998 | ||
| 350 | _a0 | ||
| 490 |
_aCSM _bChartered Surveyor Monthly _v8(2) October 1998, 40-41(2) |
||
| 520 | _aDescribes how a well designed and managed shopping centre can save money and attract customers, with particular attention being paid on energy costs. | ||
| 650 | _aENERGY COSTS | ||
| 650 |
_aFACILITIES MANAGEMENT _96240 |
||
| 650 | _aSHOPPING CENTRES | ||
| 690 | _aCOMMERCIAL PROPERTY-MANAGEMENT | ||
| 942 | _n0 | ||
| 948 | _c21/10/1998 | ||
| 999 |
_c56380 _d56380 |
||